Jákobův žebřík / Ljudmila Ulická ; přeložila Alena Machoninová
Zatím poslední a nejintimnější autorčin román. Podobně jako ve svých předchozích textech se v něm věnuje tématu paměti, tentokrát paměti ryze rodinné - i zde jsou však malé dějiny neúprosně válcovány těmi velkými. Píše se rok 1975 a moskevská scénografka Nora Osecká pohřbívá svou babičku Marusju. Z jejího bytu si odnese truhličku s rodinným archivem. Jeho první položky začal psát v roce 1911 kyjevský židovský intelektuál Jakov Oseckij, když posílal dopisy své nevěstě Marusje. Příběhy vnučky a jejího dědečka se v sobě zrcadlí a postupně se přibližují. Přidávají se k nim osudy dalších generací a množství vedlejších postav. Všechny dohromady vypovídají o tom, jaké katastrofy v posledních více než stech letech probíhaly na území postupně zanikajícího ruského impéria, počínaje židovskými pogromy v Kyjevě přes stalinské represe, konče válkou v Jižní Osetii. Román se opírá o reálnou korespondenci autorčiných prarodičů a vyšetřovací spis jejího nespravedlivě souzeného dědečka. Nakladatelská anotace.
Record details
- ISBN: 978-80-7637-105-7
- Physical Description: 561 stran : 1 genealogická tabulka ; 21 cm
- Edition: Vydání první
- Publisher: V Praze : Paseka, 2022
Content descriptions
| General Note: | Přeloženo z ruštiny |
| Bibliography, etc. Note: | Obsahuje bibliografické odkazy |
Search for related items by subject
| Genre: | ruské romány Russian fiction |
Available copies
- 1 of 1 copy available at Common Catalog SPOK.
Holds
- 0 current holds with 1 total copy.
Show Only Available Copies
| Location | Call Number / Copy Notes | Barcode | Shelving Location | Status | Due Date |
|---|---|---|---|---|---|
| The Jewish community of Prague | K 3860 | 4638301633 | K - Beletrie | Available | - |
| LDR | 02420nam a2200397 i 4500 | ||
|---|---|---|---|
| 001 | 53370 | ||
| 003 | CZ-PrJAB | ||
| 005 | 20230324093040.0 | ||
| 007 | ta | ||
| 008 | 230117s2022 xr j g 000 f cze | ||
| 015 | . | ‡acnb003494396 | |
| 020 | . | ‡a978-80-7637-105-7 ‡q(vázáno) : ‡cKč 590,00 | |
| 035 | . | ‡a(CZ PrNK)nkc20233494396 | |
| 035 | . | ‡a(OCoLC)1375350502 | |
| 040 | . | ‡aABG001 ‡bcze ‡dABA001 ‡erda | |
| 041 | 1 | . | ‡acze ‡hrus |
| 072 | 7. | ‡a821.161.1 ‡xRuská literatura ‡2Konspekt ‡925 | |
| 080 | . | ‡a821.161.1-31 ‡2MRF | |
| 080 | . | ‡a(0:82-31) ‡2MRF | |
| 100 | 1 | . | ‡aUlickaja, Ljudmila Jevgen‘jevna, ‡d1943- ‡7xx0021919 ‡4aut |
| 240 | 1 | 0. | ‡aLestnica Jakova. ‡lČesky |
| 245 | 1 | 0. | ‡aJákobův žebřík / ‡cLjudmila Ulická ; přeložila Alena Machoninová |
| 250 | . | ‡aVydání první | |
| 264 | 1. | ‡aV Praze : ‡bPaseka, ‡c2022 | |
| 300 | . | ‡a561 stran : ‡b1 genealogická tabulka ; ‡c21 cm | |
| 336 | . | ‡atext ‡btxt ‡2rdacontent | |
| 337 | . | ‡abez média ‡bn ‡2rdamedia | |
| 338 | . | ‡asvazek ‡bnc ‡2rdacarrier | |
| 500 | . | ‡aPřeloženo z ruštiny | |
| 504 | . | ‡aObsahuje bibliografické odkazy | |
| 520 | 2 | . | ‡aZatím poslední a nejintimnější autorčin román. Podobně jako ve svých předchozích textech se v něm věnuje tématu paměti, tentokrát paměti ryze rodinné - i zde jsou však malé dějiny neúprosně válcovány těmi velkými. ‡bPíše se rok 1975 a moskevská scénografka Nora Osecká pohřbívá svou babičku Marusju. Z jejího bytu si odnese truhličku s rodinným archivem. Jeho první položky začal psát v roce 1911 kyjevský židovský intelektuál Jakov Oseckij, když posílal dopisy své nevěstě Marusje. Příběhy vnučky a jejího dědečka se v sobě zrcadlí a postupně se přibližují. Přidávají se k nim osudy dalších generací a množství vedlejších postav. Všechny dohromady vypovídají o tom, jaké katastrofy v posledních více než stech letech probíhaly na území postupně zanikajícího ruského impéria, počínaje židovskými pogromy v Kyjevě přes stalinské represe, konče válkou v Jižní Osetii. Román se opírá o reálnou korespondenci autorčiných prarodičů a vyšetřovací spis jejího nespravedlivě souzeného dědečka. Nakladatelská anotace. |
| 655 | 7. | ‡aruské romány ‡7fd133320 ‡2czenas | |
| 655 | 9. | ‡aRussian fiction ‡2eczenas | |
| 700 | 1 | . | ‡aMachoninová, Alena, ‡d1980- ‡7xx0049081 ‡4trl |
| 910 | . | ‡aABE461 | |
| 995 | . | ‡aska | |
| 901 | . | ‡a53370 ‡bAUTOGEN ‡c53370 ‡tbiblio | |